<The>flowering plants of Madras city and its immediate neighbourhood by P V Mayuranathan (Record no. 1209119)

MARC details
000 -LEADER
fixed length control field 01122nam a2200301Ia 4500
003 - CONTROL NUMBER IDENTIFIER
control field OSt
005 - DATE AND TIME OF LATEST TRANSACTION
control field 20221007121636.0
008 - FIXED-LENGTH DATA ELEMENTS--GENERAL INFORMATION
fixed length control field 221006b |||||||| |||| 00| 0 eng d
037 ## - SOURCE OF ACQUISITION
Terms of availability Textual
040 ## - CATALOGING SOURCE
Original cataloging agency BDL
Transcribing agency BDL
Language of cataloging eng
041 ## - LANGUAGE CODE
Source of code eng
Language code of text/sound track or separate title eng
100 ## - MAIN ENTRY--PERSONAL NAME
Personal name Mayuranathan P V
9 (RLIN) 712651
245 #0 - TITLE STATEMENT
Title <The>flowering plants of Madras city and its immediate neighbourhood by P V Mayuranathan
260 ## - PUBLICATION, DISTRIBUTION, ETC.
Place of publication, distribution, etc. Delhi
Name of publisher, distributor, etc. Periodical Expert Book Agency
Date of publication, distribution, etc. 1929
300 ## - PHYSICAL DESCRIPTION
Extent 345p
Dimensions cm.
490 ## - SERIES STATEMENT
Series statement Bulletin of the Madras Government museum new series, natural history section; VII
500 ## - GENERAL NOTE
General note Plates XXXVIII; ^mPurchase^n23/CSL/Carb/95-96/3110^d1995-12-04; ; 95-96/412^b1995-12-11^c589/95^d1995-12-09^eJagmander Book Agency^f1995-12-11^h1995-12-11; ; 1995-12-16^bSB^c1995-12-26
650 ## - SUBJECT ADDED ENTRY--TOPICAL TERM
Topical term or geographic name entry element Flowering plants
9 (RLIN) 710132
650 ## - SUBJECT ADDED ENTRY--TOPICAL TERM
Topical term or geographic name entry element Madras
9 (RLIN) 712652
650 ## - SUBJECT ADDED ENTRY--TOPICAL TERM
Topical term or geographic name entry element Botany
942 ## - ADDED ENTRY ELEMENTS (KOHA)
Classification part I5:11.211, F9
Koha item type Textual
Source of classification or shelving scheme Colon Classification (CC)
Holdings
Withdrawn status Lost status Source of classification or shelving scheme Damaged status Not for loan Home library Current library Date acquired Source of acquisition Total Checkouts Full call number Barcode Date last seen Price effective from Koha item type
    Colon Classification (CC)     Department of Botany Library Department of Botany Library 2022-10-07 Jagmander,   I5:11.211 F9 BD0004458 2022-10-07 2022-10-07 Textual
Copyright @ Delhi University Library System